000 00418nam a2200157Ia 4500
005 20250923144426.0
008 008 250917s9999 xx 000 0 eng d
037 _aTextual
040 _aDSWL
_beng
_cDSWL
041 _aeng
_2eng
084 _qDSWL
100 _aGilchrist, R.N
_9824764
245 0 _aPrinciples of political Science
_cby R.N Gilchrist
942 _cTEXL
999 _c1438693
_d1438693